Normal view MARC view

Entry Nombre personal

Number of records used in: 33

001 - NÚMERO DE CONTROL

  • campo de control: 71583

003 - IDENTIFICADOR DE NÚMERO DE CONTROL

  • campo de control: OSt

005 - FECHA Y HORA DE LA ÚLTIMA TRANSACCIÓN

  • campo de control: 20250511114239.0

008 - ELEMENTOS DE DATO DE LONGITUD-FIJA

  • campo de control de longitud fija: 070215 n acnnnaaan n bnn d

040 ## - FUENTE DE CATALOGACIÓN

  • Centro catalogador/agencia de origen: OSt
  • Centro/agencia transcriptor: OSt

100 1# - ENCABEZAMIENTO-NOMBRE DE PERSONA

  • Nombre de persona: León, Luis de,
  • Fechas asociadas al nombre: 1527-1591

400 1# - TRAZADO DE VÉASE--NOMBRE DE PERSONA

  • Nombre de persona: León, Luis de, Fray (
  • Fechas asociadas al nombre: 1527-1591)

400 1# - TRAZADO DE VÉASE--NOMBRE DE PERSONA

  • Nombre de persona: León, Luis Ponce de (
  • Fechas asociadas al nombre: 1527-1591)

400 1# - TRAZADO DE VÉASE--NOMBRE DE PERSONA

  • Nombre de persona: Luis de León (
  • Fechas asociadas al nombre: 1527-1591)

400 1# - TRAZADO DE VÉASE--NOMBRE DE PERSONA

  • Nombre de persona: Ponce de León, Luis (
  • Fechas asociadas al nombre: 1527-1591)